000 00202nam a2200085Ia 4500
008 210107s9999 xx 000 0 und d
100 _aHudson,N.G and Allen,J.C
245 0 _aInstitute clauses
942 _cBK
999 _c10668
_d10668